Solid geometry : (Record no. 4262)
[ view plain ]
| 000 -LEADER | |
|---|---|
| fixed length control field | 00570nam a2200193 a 4500 |
| 001 - CONTROL NUMBER | |
| control field | 8070 |
| 003 - CONTROL NUMBER IDENTIFIER | |
| control field | BD-DhUAP |
| 005 - DATE AND TIME OF LATEST TRANSACTION | |
| control field | 20201202105946.0 |
| 008 - FIXED-LENGTH DATA ELEMENTS--GENERAL INFORMATION | |
| fixed length control field | 201104s2003 ii 000 0 eng d |
| 040 ## - CATALOGING SOURCE | |
| Original cataloging agency | EXC |
| Transcribing agency | EXC |
| Modifying agency | ORU |
| -- | BAKER |
| -- | BD-DhUAP |
| Language of cataloging | Eng |
| 082 00 - DEWEY DECIMAL CLASSIFICATION NUMBER | |
| Classification number | 516.06 KHA |
| Edition number | 23 |
| 100 ## - MAIN ENTRY--PERSONAL NAME | |
| Personal name | Khanna, M.L. |
| 245 10 - TITLE STATEMENT | |
| Title | Solid geometry : |
| Remainder of title | co-ordinate geometry of three dimensions... / |
| Statement of responsibility, etc. | M.L. Khanna. |
| 250 ## - EDITION STATEMENT | |
| Edition statement | 19th ed. |
| 260 ## - PUBLICATION, DISTRIBUTION, ETC. | |
| Place of publication, distribution, etc. | Meerut : |
| Name of publisher, distributor, etc. | Jai Prakash Nath & Co., |
| Date of publication, distribution, etc. | c2003. |
| 300 ## - PHYSICAL DESCRIPTION | |
| Extent | various pages : |
| Other physical details | illustrations ; |
| Dimensions | 22 cm. |
| 650 ## - SUBJECT ADDED ENTRY--TOPICAL TERM | |
| Topical term or geographic name entry element | Geometry. |
| 942 ## - ADDED ENTRY ELEMENTS (KOHA) | |
| Source of classification or shelving scheme | |
| Koha item type | Book |
| Withdrawn status | Lost status | Source of classification or shelving scheme | Damaged status | Not for loan | Permanent Location | Current Location | Shelving location | Date acquired | Full call number | Barcode | Date last seen | Copy number | Price effective from | Koha item type | Total Checkouts | Total Renewals | Date last checked out |
|---|---|---|---|---|---|---|---|---|---|---|---|---|---|---|---|---|---|
| UAP Central Library | UAP Central Library | General Stacks | 2020-11-04 | 516.06 KHA | 3010008070 | 2020-11-04 | 1 | 2020-11-04 | Book | ||||||||
| UAP Central Library | UAP Central Library | General Stacks | 2020-11-04 | 516.06 KHA | 3010008077 | 2020-11-04 | 2 | 2020-11-04 | Book | ||||||||
| UAP Central Library | UAP Central Library | General Stacks | 2020-11-04 | 516.06 KHA | 3010008069 | 2026-04-12 | 3 | 2020-11-04 | Book | 2 | 2 | 2026-03-29 | |||||
| UAP Central Library | UAP Central Library | General Stacks | 2020-11-04 | 516.06 KHA | 3010008072 | 2024-09-04 | 4 | 2020-11-04 | Book | 1 | 2 | 2024-03-27 | |||||
| UAP Central Library | UAP Central Library | General Stacks | 2020-11-04 | 516.06 KHA | 3010008074 | 2020-11-04 | 5 | 2020-11-04 | Book | ||||||||
| UAP Central Library | UAP Central Library | General Stacks | 2020-11-04 | 516.06 KHA | 3010008075 | 2020-11-04 | 6 | 2020-11-04 | Book | ||||||||
| UAP Central Library | UAP Central Library | General Stacks | 2020-11-04 | 516.06 KHA | 3010008073 | 2020-11-04 | 7 | 2020-11-04 | Book | ||||||||
| UAP Central Library | UAP Central Library | General Stacks | 2020-11-04 | 516.06 KHA | 3010008071 | 2020-11-04 | 8 | 2020-11-04 | Book | ||||||||
| UAP Central Library | UAP Central Library | General Stacks | 2020-11-04 | 516.06 KHA | 3010008068 | 2020-11-04 | 9 | 2020-11-04 | Book | ||||||||
| UAP Central Library | UAP Central Library | General Stacks | 2020-11-04 | 516.06 KHA | 3010006104 | 2020-11-08 | 10 | 2020-11-04 | Book |
Bengali Keyboard